000 00834nam a2200253Ia 4500
003 OSt
005 20220927110459.0
006 a|||||r|||| 00| 0
007 ta
008 220926b |||||||| |||| 00| 0 eng d
024 _a94266
037 _cReports
040 _aRTL
_cRTL
_beng
041 _2eng
_aeng
082 _a"X9(D5125):531.2.N60t, K1/GD"
110 _a"India, Government of.... Tariff (Commission of...)"
_9378693
245 0 _aReport on the continuance of protection to the bycyle industry
260 _aDelhi
_bManager of Publications India
_c1961
300 _a70p.
_ccm.
650 _aCycle Industry
_9378694
700 _a"India, Government of.... Tariff (Commission of...)"
_9378695
942 _h"X9(D5125):531.2.N60t, K1/GD"
_cCC
999 _c696953
_d696953